[Event "Mittelrhein Verbandsliga-W 16/17"]
[Site "Nordrheinwestfalen"]
[Date "2017.03.19"]
[Round "9.7"]
[White "Phlippen, Josef"]
[Black "Popielas, Hans"]
[Result "1/2-1/2"]
[WhiteElo "1665"]
[BlackElo "1836"]
[PlyCount "289"]
[EventDate "2016.09.11"]
[EventType "team-tourn"]
[EventRounds "11"]
[EventCountry "GER"]
[SourceTitle "EXT 2022"]
[Source "ChessBase"]
[SourceDate "2021.10.06"]
[SourceVersion "1"]
[SourceVersionDate "2021.10.06"]
[SourceQuality "1"]
[WhiteTeam "Eschweiler SC"]
[BlackTeam "Wuerselen II"]
[WhiteTeamCountry "GER"]
[BlackTeamCountry "GER"]

1. e4 g6 2. d4 Bg7 3. Nf3 d6 4. Bc4 h5 5. Ng5 Nh6 6. h3 e6 7. c3 c6 8. Be3 b5 9. Bd3 f6 10. Nf3 g5 11. Qc2 Qc7 12. e5 dxe5 13. dxe5 g4 14. Bg6+ Nf7 15. hxg4 hxg4 16. Rxh8+ Bxh8 17. Nh4 f5 18. Nd2 Bxe5 19. 0-0-0 Nd7 20. Qb3 Nf8 21. Bh5 Qe7 22. g3 a5 23. a4 Ba6 24. Bb6 bxa4 25. Qa2 Qg5 26. Bxf7+ Kxf7 27. Be3 Qf6 28. Nc4 Bc7 29. Nd6+ Bxd6 30. Rxd6 Bb5 31. c4 Qe5 32. Qa3 Bxc4 33. Rxc6 Bb3 34. Qc5 Qxc5+ 35. Rxc5 Rd8 36. Bd2 Rd5 37. Rxd5 Bxd5 38. Bxa5 Nd7 39. Kd2 Nc5 40. Ke3 Ne4 41. Be1 Ng5 42. Bc3 Ne4 43. Be1 Kf6 44. f3 gxf3 45. Nxf3 e5 46. Nd2 Nd6 47. Kd3 Kg5 48. Ke3 Kg4 49. Kd3 Ne8 50. Kc3 Ng7 51. Kb4 Nh5 52. Nf1 Kf3 53. Nh2+ Kg2 54. g4 Nf4 55. Kxa4 Kxh2 56. gxf5 Kh3 57. b4 Kg4 58. f6 Kf5 59. Bc3 e4 60. b5 Nh5 61. b6 Nxf6 62. Kb5 Bb7 63. Kc5 Nd7+ 64. Kd6 Nxb6 65. Bb4 Nd5 66. Bd2 Nf4 67. Kc5 Ne2 68. Kc4 Kg4 69. Kc5 Kf3 70. Kd6 Ng1 71. Ke5 Ke2 72. Bh6 Nf3+ 73. Kf6 Ba6 74. Kf5 Bd3 75. Kf6 Nh2 76. Ke6 Kf3 77. Kd5 Ng4 78. Bg5 Ne3+ 79. Kd4 Ng2 80. Ke5 Bb1 81. Bc1 Ke2 82. Bh6 Kd3 83. Kd5 Ne3+ 84. Kc5 Ba2 85. Bg5 Nc2 86. Kd6 Kd4 87. Bc1 Ne3 88. Ke7 Kd3 89. Kf6 Ke2 90. Ke5 Kf3 91. Kd4 Ng2 92. Ke5 Bb3 93. Kd4 Nf4 94. Bd2 Ba2 95. Kc5 Nd3+ 96. Kd4 Nf2 97. Bh6 Bb1 98. Bc1 Nd1 99. Bh6 Ke2 100. Bg5 Nf2 101. Bh6 Bd3 102. Be3 Ng4 103. Bc1 Nh2 104. Bf4 Ng4 105. Bc1 Kf3 106. Bd2 Ba6 107. Bc1 e3 108. Bxe3 Nxe3 109. Ke5 Ng4+ 110. Kf5 Bc8+ 111. Kg5 Ne5 112. Kf6 Ke4 113. Kg5 Nd7 114. Kg6 Nc5 115. Kf6 Kd5 116. Ke7 Ke5 117. Kf7 Kd6 118. Kf6 Be6 119. Kg5 Ke5 120. Kg6 Ne4 121. Kg7 Kf5 122. Kh6 Kf6 123. Kh7 Ng5+ 124. Kh8 Nf7+ 125. Kh7 Bf5+ 126. Kg8 Be4 127. Kf8 Bh7 128. Ke8 Ne5 129. Kd8 Ke6 130. Kc7 Be4 131. Kb6 Kd6 132. Kb5 Kd5 133. Kb4 Kd4 134. Kb3 Nc6 135. Kb2 Bd5 136. Kc2 Kc4 137. Kb2 Bf3 138. Ka3 Nd4 139. Kb2 Kb4 140. Kc1 Kc3 141. Kb1 Bd1 142. Ka2 Bc2 143. Ka3 Bb1 144. Ka4 Kc4 145. Ka3 1/2-1/2